00362nam a22001457a 450000500170000000800410001702000220005804100080008008200100008810000190009824500370011726000300015430000080018465000240019220160630164612.0160630b xxu||||| |||| 00| 0 eng d a978-93-80027-59-3 aeng b17218 aKumar, Dr. D S aBasics of mechanical engineering bS.K. Kataria & Sonsc2012 a450 aDiploma Engineering